| 000 | 01139nam a22002537a 4500 | ||
|---|---|---|---|
| 005 | 20170124103049.0 | ||
| 010 | _aA-611330 | ||
| 020 | _c80.00 | ||
| 035 | _aA-611330 | ||
| 037 | _bCen Lib/Ret | ||
| 040 |
_aDPL _bHN |
||
| 082 |
_aक _bदुग्गल |
||
| 100 |
_aदुग्गल, कर्तार सिंह _970019 |
||
| 245 |
_aअब चिट्ठी कभी नहीं आयेगी : _cकर्तार सिंह दुग्गल _bकहानी संग्रह / |
||
| 246 |
_aAba chitthi kabhi nahin aayegi : kahani sangreh / _bby kartar Singh Duggal |
||
| 260 |
_aनयी दिल्ली _bभारतीय ज्ञानपीठ _c1992 |
||
| 270 |
_a18, इंस्टीट्युशनल एरिया, लोधी रोड _bनयी दिल्ली _e110003 |
||
| 300 |
_axiii, 283पृ. _c21सेमी (सजिल्द) |
||
| 650 |
_aहिन्दी साहित्य _970020 |
||
| 650 |
_aकहानियां _970021 |
||
| 650 |
_aHindi literature _970022 |
||
| 650 |
_aStories _97500 |
||
| 942 |
_2ddc _cHN _hक _mदुग्गल |
||
| 999 |
_c117090 _d117090 |
||